Continent by Letter-Oceania - Statistics

General Stats
  • This quiz has been taken 12 times
  • The average score is 17 of 26
Answer Stats
Letter Hint Answer % Correct
A By far the largest country Australia
100%
C Capital of A Canberra
100%
F Country of brand of water Fiji
100%
I The only country to border an Oceanic country Indonesia
100%
J Empire that conquered much of the continent in WW2 Japan
100%
N Native country of the Māori people New Zealand
100%
W Capital of N Wellington
100%
K Country with land in all four hemispheres Kiribati
90%
P Country famous for Jellyfish Lake Palau
90%
Q Northeast state of A Queensland
90%
R Great Barrier ____ Reef
90%
O The vast central regions of A Outback
80%
V Country famous for cargo cults Vanuatu
80%
H Largest city on Tasmania Hobart
70%
S Shares a name with an American territory to the East Samoa
70%
U Formerly known as Ayers rock Uluru
70%
D Nationality of Abel Tasman Dutch
60%
L Element that A is the largest producer of Lithium
60%
Z Correct spelling of the "Old" version of N Zeeland
60%
M Oceania's longest river Murray
40%
G Mountain range in Eastern A Great Dividing Range
20%
B Sea North of Papua New Guinea Bismarck
10%
T Former Polynesian empire: ___ Tonga Tu'i
10%
X Kind of Aboriginal art where they painted the skeletal frame and internal organs of an animal X-ray
10%
Y One of the four administrative divisions of F.S Micronesia Yap
10%
E Former name of Tuvalu: _____ Islands Ellice
0%
No matching quizzes found
Score Distribution
Percent of People with Each Score
Percentile by Number Answered
Your Score History
You have not taken this quiz